| 000 | 00496nam a2200181Ia 4500 | ||
|---|---|---|---|
| 008 | 240925s9999 xx 000 0 und d | ||
| 020 | _a9788175967199 | ||
| 082 | _a330 THO | ||
| 100 | _aThompson, Henry. | ||
| 245 | 0 | _aInternational Economics: global marketing and competitions. | |
| 250 | _a2nd | ||
| 260 |
_aNew Jersey: _bWorld Scientfic _c,2006. |
||
| 300 |
_axv,374p. _b0 _fOriginal |
||
| 500 | _aIncludes Index | ||
| 600 | _aSocial Sciences | ||
| 650 | _aSocial Sciences | ||
| 942 | _cBK | ||
| 999 |
_c15850 _d15850 |
||